Największe europejskie miasta na literę L - Quiz z mapą - Statystyki

Ogólne statystyki
  • Ten quiz został rozwiązany 77 razy
  • Średni wynik to 12 z 20
Odpowiedzi na mapie
Odpowiedzi zakodowano w zielono-czerwonej skali na mapie do tego quizu, zgodnie z poniższymi procentami.
 
Statystyki odpowiedzi
Liczba
Ludności
Kraj Miasto % Poprawnych
567131 Portugalia Lizbona
98%
717803 Ukraina Lwów
97%
8866180 Wielka Brytania Londyn
95%
331246 Polska Lublin
95%
625341 Niemcy Lipsk
86%
506565 Wielka Brytania Liverpool
83%
284293 Słowenia Lublana
82%
522228 Francja Lyon
82%
210118 Austria Linz
77%
812000 Wielka Brytania Leeds
71%
236710 Francja Lille
63%
406580 Wielka Brytania Leicester
57%
233525 Wielka Brytania Luton
49%
206530 Niemcy Lubeka
45%
195278 Francja Liege
42%
186660 Hiszpania Leganes
20%
508573 Rosja Lipieck
20%
174265 Niemcy Ludwigshafen am Rhein
8%
264657 Hiszpania L'Hospitalet de Llobregat
5%
205295 Rosja Lubiercy
0%
Nie znaleziono quizów pasujących do podanych kryteriów
Rozkład punktacji
Procent ludzi z każdym wynikiem
Percentyl według liczby udzielonych odpowiedzi
Twoja historia wyników
Nie rozwiązałeś tego quizu